Città della Spagna - Quiz con mappa - Statistics

Statistiche generali
  • Questo quiz è stato fatto 799 volte
  • Il punteggio medio è 9 su 15
Risposte nella Mappa
Le risposte nella mappa del quiz sottostante sono codificate secondo una scala di colori dal rosso al verde in base alla % di persone che hanno risposto correttamente.
 
Statistiche sulle risposte
Risposta % Corretto
Madrid
86%
Barcellona
85%
Valencia
75%
Palma di Maiorca
73%
Las Palmas
71%
Siviglia
68%
Bilbao
66%
Ceuta
63%
Málaga
60%
A Coruña
57%
Murcia
57%
Pamplona
53%
Saragozza
50%
Valladolid
43%
Mérida
41%
Nessun quiz corrispondente trovato
Distribuzione punteggi
Percentuale di utenti per punteggio
Percentile per numero di risposta
I tuoi punteggi nel tempo
Non hai fatto questo quiz